000 00483nam a2200145Ia 4500
008 100415s9999 xx 000 0 und d
082 _b16589
_a632.2
100 _aChapman GP
245 _aAn Introduction to the Grasses Including Bamboos and Cereals
260 _aOXON
_c1992
_bCAB INTERNATIONAL
365 _b0
630 _aAn Introduction to the Grasses Including Bamboos and Cereals
730 _aAn Introduction to the Grasses Including Bamboos and Cereals
942 _cBOOK
999 _c599487
_d599484